Statistics for In The Ghetto by Elvis Presley Lyrics Quiz

Click here to take the quiz!

General Stats

  • This quiz has been taken 218 times
  • The average score is 146 of 219

Answer Stats

Lyrics% Correct
A
100%
The
99%
In
98%
An
97%
Ghetto
97%
And
96%
His
92%
Born
90%
Child
88%
On
88%
Is
87%
Cold
86%
Chicago
84%
Little
84%
To
84%
Baby
82%
Grey
80%
He
79%
He'll
79%
Morning
77%
Do
76%
Mother
76%
Another
75%
You
75%
Cries
73%
As
70%
Don't
69%
Feed
69%
Hungry
69%
Mouth
69%
Then
69%
Man
68%
She
65%
One
64%
Snow
64%
Need
62%
There's
62%
Young
62%
Poor
61%
Was
59%
Flies
58%
Hand
58%
If
58%
Cause
56%
Gun
53%
Run
53%
That
53%
So
52%
Thing
52%
Be
50%
Boy
50%
Angry
47%
Cried
47%
Me
47%
Steal
46%
Street
46%
We
46%
Day
45%
Night
44%
See
44%
At
43%
With
43%
Are
42%
Helping
42%
It's
42%
Understand
42%
But
40%
Needs
40%
People
40%
Take
40%
Turn
40%
Car
38%
Look
38%
Nose
37%
Some
37%
Get
36%
Grow
36%
Other
36%
Our
36%
Too
36%
Blows
35%
Far
35%
Runny
35%
Way
35%
Wind
35%
Blind
34%
Fight
33%
Learns
32%
Heads
31%
How
31%
Simply
31%
Turns
31%
World
31%
Buys
30%
Tries
30%
Or
29%
Plays
28%
Down
26%
Steals
26%
Breaks
25%
Burns
25%
Dies
25%
Hunger
25%
Well
25%
Desperation
23%
Starts
21%
Face
20%
Streets
20%
Crowd
19%
Roam
18%
Morning
17%
Gathers
16%
Round
16%
Her
15%
Rules
3%

Score Distribution

Percentile by Number Answered

Percent of People with Each Score

Your Score History

You have not taken this quiz